00329nam a2200145Ia 4500003000400000005001700004008004000021040000700061041000800068082001600076100001900092245002700111260003100138300001400169OSt20260202113955.0210210b1982 xxu||||| |||| 00| 0 eng d cAL aeng a813.54 HERL aHerriot, James aLord God made them all aLondonbBantam booksc1982 aviii,376p